Antioxidant activity and glucosidase inhibitory action of cereal-based extracts [abstract] /

Elmentve itt :
Bibliográfiai részletek
Szerzők: Kovács Tamás
Kovács Anita
Vágvölgyi Csaba
Papp Tamás
Takó Miklós
Krisch Judit
Testületi szerző: 22th Wellmann International Scientific Conference
Dokumentumtípus: Könyv része
Megjelent: Szegedi Tudományegyetem Mezőgazdasági Kar Hódmezővásárhely 2025
Sorozat:Wellmann International Scientific Conference 22
Kulcsszavak:Gyógyszertan - előadáskivonat, Élelmiszerkémia - előadáskivonat, Biokémia - előadáskivonat
Tárgyszavak:
Online Access:http://acta.bibl.u-szeged.hu/89783
LEADER 01320naa a2200301 i 4500
001 acta89783
005 20260304081211.0
008 260304s2025 hu o 100 eng d
020 |a 978-963-688-044-6 
040 |a SZTE Egyetemi Kiadványok Repozitórium  |b hun 
041 |a eng 
100 1 |a Kovács Tamás 
245 1 0 |a Antioxidant activity and glucosidase inhibitory action of cereal-based extracts   |h [elektronikus dokumentum] :  |b [abstract] /  |c  Kovács Tamás 
260 |a Szegedi Tudományegyetem Mezőgazdasági Kar  |b Hódmezővásárhely  |c 2025 
300 |a 60 
490 0 |a Wellmann International Scientific Conference  |v 22 
650 4 |a Műszaki és technológiai tudományok 
650 4 |a Egyéb műszaki tudományok és technológiák 
650 4 |a Orvos- és egészségtudomány 
650 4 |a Általános orvostudomány 
695 |a Gyógyszertan - előadáskivonat, Élelmiszerkémia - előadáskivonat, Biokémia - előadáskivonat 
700 0 1 |a Kovács Anita  |e aut 
700 0 1 |a Vágvölgyi Csaba  |e aut 
700 0 1 |a Papp Tamás  |e aut 
700 0 1 |a Takó Miklós  |e aut 
700 0 1 |a Krisch Judit  |e aut 
711 |a 22th Wellmann International Scientific Conference  |c Hódmezővásárhely  |d 2025. május 15. 
856 4 0 |u http://acta.bibl.u-szeged.hu/89783/1/wellmann_abstracts_2025_060.pdf  |z Dokumentum-elérés